Female Celebrities - Statistics

General Stats
  • This quiz has been taken 391 times
    329 since last reset
  • The average score is 31 of 65
Answer Stats
Picture Answer % Correct
Taylor Swift
97%
Ariana Grande
94%
Beyonce
94%
Rihanna
93%
Kim Kardashian
90%
Selena Gomez
90%
Zendaya
86%
Emma Watson
85%
Adele
78%
Shakira
78%
Emma Stone
77%
Jennifer Lopez
77%
Miley Cyrus
77%
Kylie Jenner
76%
Jennifer Lawrence
73%
Margot Robbie
73%
Dua Lipa
72%
Ellen DeGeneres
71%
Lady Gaga
70%
Angelina Jolie
68%
Cardi B
68%
Jennifer Aniston
67%
Anne Hathaway
65%
Oprah Winfrey
63%
Meghan Markle
61%
Lizzo
57%
Michelle Obama
56%
Natalie Portman
56%
Blake Lively
53%
Gal Gadot
51%
Gigi Hadid
51%
Demi Lovato
49%
Kristen Stewart
49%
Sandra Bullock
47%
Emma Roberts
41%
Reese Witherspoon
41%
Drew Barrymore
39%
Jessica Alba
39%
Nicole Kidman
39%
Emily Blunt
38%
Halle Berry
38%
Kristen Bell
34%
Kate Winslet
33%
Zoe Saldana
32%
Cate Blanchett
31%
Jennifer Garner
29%
Amy Schumer
28%
Priyanka Chopra
25%
Sandra Oh
25%
Saoirse Ronan
24%
Tina Fey
20%
Emma Thompson
19%
Amy Poehler
18%
Lupita Nyong'o
18%
Emily Ratajkowski
17%
Viola Davis
17%
Chrissy Teigen
16%
Mindy Kaling
15%
Tiffany Haddish
10%
Tracee Ellis Ross
6%
Lena Waithe
3%
Abby Donelly
1%
Aubrey Miller
1%
Charlize Theron
1%
Olivia Sanabia
1%
No matching quizzes found
Score Distribution
Percent of People with Each Score
Percentile by Number Answered
Your Score History
You have not taken this quiz since the last reset